|
|
|
|
| LEADER |
00000cam a2200000 a 4500 |
| 005 |
20110916134218.0 |
| 008 |
861119s1974 ag b 000 0 spa |
| 010 |
|
|
|a 84100813
|
| 035 |
|
|
|a 2058
|
| 040 |
|
|
|a DLC
|c DLC
|d DLC
|d vLex
|
| 090 |
|
|
|c 2482
|d 2482
|
| 100 |
1 |
|
|a Vilanova, José.
|
| 245 |
1 |
0 |
|a Proyecto existencial y programa de existencia
|h [Recurso electrn̤ico] :
|b ideas para una fenomenología del obrar humano y de la razón práctica /
|c José M. Vilanova.
|
| 256 |
|
|
|a Servicio en ln̕ea.
|
| 260 |
|
|
|a Buenos Aires :
|b Editorial Astrea de R. Depalma,
|c [1974]
|
| 300 |
|
|
|a 145 p. ;
|c 20 cm.
|
| 504 |
|
|
|a Incluye referencias bibliogrf̀icas
|
| 506 |
1 |
|
|a Contenido solo disponible en los productos indicados
|d vLex Global
|d vLex Global (Academic Edition, excluding Law Schools)
|d vLex Global (U.S. Academic Edition, Law Schools)
|d vLex Global (U.S. Academic Edition, excluding Law Schools)
|d vLex Global (Academic Edition, Law Schools)
|
| 650 |
0 |
4 |
|a Derecho
|x Filosofa̕
|
| 650 |
0 |
4 |
|a Existencialismo
|
| 740 |
0 |
|
|a vLex Libros (Servicio en ln̕ea)
|
| 856 |
4 |
0 |
|u http://vlex.com/source/proyecto-existencial-programa-existencia-2058
|z Acceso restringido
|
| 942 |
|
|
|c BOOK
|